Return of bonus culture (Record no. 83784)

MARC details
000 -LEADER
fixed length control field 01243cab a22002175a 4500
001 - CONTROL NUMBER
control field L155024
008 - FIXED-LENGTH DATA ELEMENTS--GENERAL INFORMATION
fixed length control field 120220e20120217xxk 000 0 eng d
035 ## - SYSTEM CONTROL NUMBER
System control number (Sirsi) u155024
041 0# - LANGUAGE CODE
Language code of text/sound track or separate title eng
100 1# - MAIN ENTRY--PERSONAL NAME
Personal name Townsend, Sarah
245 00 - TITLE STATEMENT
Title Return of bonus culture
260 ## - PUBLICATION, DISTRIBUTION, ETC.
Date of publication, distribution, etc. 2012
490 #0 - SERIES STATEMENT
Series statement Property Week
Volume/sequential designation 78(07) 17 February 2012, 32-37(6)
520 ## - SUMMARY, ETC.
Summary, etc. The 13th annual RICS and MacDonald's rewards and attitudes survey completed by nearly 100 000 property professionals showed the average salary paid across the UK in 2011 to be £ 48 329, a 4% decrease on 2010. The regional divide in salaries persisted and the gender pay gap continued to widen. In 2011 chief executives and managing directors' average salaries rose by 2%. The overall average bonus size increased by 11%. Retail and rating were the biggest wage winners with Jones Lang LaSalle's Ulbrich top dog in the largest property services firms.
590 ## - LOCAL NOTE (RLIN)
Local note KA
650 24 - SUBJECT ADDED ENTRY--TOPICAL TERM
Topical term or geographic name entry element RICS SALARY AND BENEFITS SURVEYS
651 #4 - SUBJECT ADDED ENTRY--GEOGRAPHIC NAME
Geographic name United Kingdom
Chronological subdivision
690 ## - LOCAL SUBJECT ADDED ENTRY--TOPICAL TERM (OCLC, RLIN)
Topical term or geographic name as entry element Business and management
856 40 - ELECTRONIC LOCATION AND ACCESS
Uniform Resource Identifier <a href="https://www.macdonaldandcompany.com/document_uploaded/UK_Executive_Summary_2012.pdf">https://www.macdonaldandcompany.com/document_uploaded/UK_Executive_Summary_2012.pdf</a>
Public note View the 2012 survey (summary) free of charge at www.macdonaldandcompany.com
942 ## - ADDED ENTRY ELEMENTS (KOHA)
Suppress in OPAC 0
Holdings
Withdrawn status Lost status Source of classification or shelving scheme Damaged status Not for loan Home library Current library Shelving location Date acquired Total Checkouts Full call number Barcode Date last seen Price effective from Koha item type
    Dewey Decimal Classification     London London Journal article 20/02/2012   L155024 155024-1001 06/08/2019 06/08/2019 Journal